Škodlivá daňová súťaž v globalizovanom svete. Zaoberá sa tým Svetová obchodná organizácia?

Predmetom aktivít Organizácie pre hospodársku spoluprácu a rozvoj (OECD) a Európskej únie je prijímanie multilaterálnych opatrení proti škodlivej daňovej súťaži. Otázka regulácie WTO zameranej na škodlivú daňovú súťaž. Definícia jednotlivých dokumentov WTO zameraných na ustanovenia daňovej reguláci...

Descripción completa

Guardado en:
Detalles Bibliográficos
Autor principal: Wróblewska, Małgorzata
Formato: Capítulo de libro
Lenguaje:inglés
Materias:
Etiquetas: Agregar Etiqueta
Sin Etiquetas, Sea el primero en etiquetar este registro!

MARC

LEADER 00000nla a2200000 4500
001 0236809
005 20240417075127.6
041 0 |a eng 
044 |a SK 
245 1 0 |a Škodlivá daňová súťaž v globalizovanom svete. Zaoberá sa tým Svetová obchodná organizácia?  |c Małgorzata Wróblewska 
520 |a Predmetom aktivít Organizácie pre hospodársku spoluprácu a rozvoj (OECD) a Európskej únie je prijímanie multilaterálnych opatrení proti škodlivej daňovej súťaži. Otázka regulácie WTO zameranej na škodlivú daňovú súťaž. Definícia jednotlivých dokumentov WTO zameraných na ustanovenia daňovej regulácie. 
610 2 0 |a Svetová obchodná organizácia 
610 2 0 |a Európska únia 
610 2 0 |a OECD 
610 2 0 |a zdaňovanie 
610 2 0 |a dane priame 
610 2 0 |a dane nepriame 
100 1 |a Wróblewska, Małgorzata